Yếu tố tính dục trong tiểu thuyết Nguyễn Đình Tú

Nguyễn Đình Tú và quan niệm về tính dục, văn học tính dục; Tính dục với cách xây dựng nhân vật và không gian nghệ thuật trong tiểu thuyết Nguyễn Đình Tú; Tính dục với phương thức thể hiện giọng điệu và ngôn từ nghệ thuật trong tiểu thuyết Nguyễn Đình Tú...

Ful tanımlama

Kaydedildi:
Detaylı Bibliyografya
Yazar: Nguyễn Thị Phương Nhi
Diğer Yazarlar: Bùi Thanh Truyền T.S (Hướng dẫn)
Materyal Türü: Kitap
Dil:Vietnamese
Baskı/Yayın Bilgisi: Đà Nẵng Đại học Đà Nẵng 2012
Konular:
Etiketler: Etiketle
Etiket eklenmemiş, İlk siz ekleyin!
Thư viện lưu trữ: Mạng thư viện Đại học Đà Nẵng
LEADER 01782nam a2200337 4500
001 000017951
003 14378
005 20130828110836.0
008 130624s2012 viesd
041 |a vie 
082 |a 895.922334  |b NG-N 
100 |a Nguyễn Thị Phương Nhi 
245 |a Yếu tố tính dục trong tiểu thuyết Nguyễn Đình Tú  |c Nguyễn Thị Phương Nhi ; Bùi Thanh Truyền hướng dẫn.  |k Luận văn Thạc sĩ 
260 |a Đà Nẵng  |b Đại học Đà Nẵng  |c 2012 
300 |a 96 tr.  |c 29 cm.  |e CD + tóm tắt 
500 |a Luận văn thạc sĩ Khoa học xã hội và nhân văn. Chuyên ngành : Văn học Việt Nam. Mã số: 60.22.34. 
520 |a Nguyễn Đình Tú và quan niệm về tính dục, văn học tính dục; Tính dục với cách xây dựng nhân vật và không gian nghệ thuật trong tiểu thuyết Nguyễn Đình Tú; Tính dục với phương thức thể hiện giọng điệu và ngôn từ nghệ thuật trong tiểu thuyết Nguyễn Đình Tú 
600 1 4 |a Nguyễn Đình Tú 
650 0 4 |a Tiểu thuyết Việt  |v Luận văn tốt nghiệp  |x Nguyễn Đình Tú 
653 |a Nguyễn Đình Tú  |a Văn học Việt Nam  |a Tiểu thuyết Việt 
700 |a Bùi Thanh Truyền  |c T.S  |e Hướng dẫn 
OWN |a LSP 
AVA |a UDN50  |b LSP  |d 895.922334 NG-N  |e available  |t Error 5001 Not defined in file expand_doc_bib_avail.  |f 1  |g 0  |h N  |i 0  |k 1 
999 |a From the UDN01 
AVA |a UDN50  |b LSP  |d 895.922334 NG-N  |e available  |t Error 5001 Not defined in file expand_doc_bib_avail.  |f 1  |g 0  |h N  |i 0  |k 1 
TYP |a Monograph 
TYP |a Printed language 
980 |a Mạng thư viện Đại học Đà Nẵng